| 000 | 00414nam a2200181Ia 4500 | ||
|---|---|---|---|
| 001 | 313 | ||
| 005 | 20260306140508.0 | ||
| 008 | 260306t2015||||xx |||||||||||||| ||spa|| | ||
| 041 | _aESP | ||
| 082 |
_a101 _bA94 |
||
| 100 |
_aAyllón Vega, José Ramón _eAUT |
||
| 245 | 0 | _aFilosofía mínima | |
| 260 | _c2015 | ||
| 300 |
_a322 páginas : _c22 cm. |
||
| 650 | _aGEN | ||
| 654 | _aCHU | ||
| 942 |
_cLIB _dJUS _fJUS _2ddc _n |
||
| 999 |
_c313 _d313 |
||